LEADER 01396nam a2200289 4500 001 000000351929 003 CaOOAMICUS 005 20221104104451.0 008 221019s2004 it 000 u ita r 020 $a88-372-1988-1 040 $aSeMil$bita 100 1 $aMenozzi, Daniele,$d<1947- >.$0(OLS)http://semarc/name/1372 245 10$aCattolicesimo e totalitarismo :$bChiese e culture religiose tra le due guerre mondiali (Italia, Spagna, Francia) /$cDaniele Menozzi ; Renato Moro (edd.) 264 1$aBrescia :$bMorcelliana,$c2004. 300 $a411 p. ;$c21 cm 490 1 $aStoria ;$v4 650 4$aChiesa e Stato totalitario - Storia.$0(OLS)http://semarc/subject/53075 650 4$aCattolicesimo e totalitarismo - Sec. 20.$0(OLS)http://semarc/subject/53074 700 1 $aMoro, Renato,$d<1951- >.$0(OLS)http://semarc/name/23889 830 0$aStoria ;$v4.$0(OLS)http://semarc/title/425847 850 $aSeMil 852 $aSeMil$W1$xVenegono$y1$m3A II 427$j235408$B243109$CSeMilBibl$Z2$F243109 $81 961 $aVitali Nicolò - Lascito 996 $6020$a88-372-1988-1$9(OLS)http://semarc/number/296963 996 $6245$aCattolicesimo e totalitarismo :$bChiese e culture religiose tra le due guerre mondiali (Italia, Spagna, Francia)$9(OLS)http://semarc/title/441729 996 $6264$aBrescia :$bMorcelliana$9(OLS)http://semarc/publisher/29629 LEADER 01118nam a2200277 i 4500 001 000000079086 003 CaOOAMICUS 005 20181030152816.0 008 170324s1998 it u000 u ita u 013 $a51323 020 $a88-86583-49-4 040 $aSeMil$bita 100 1 $aGulisano, Paolo,$d<1959- >.$0(OLS)http://semarc/name/26191 245 13$aIl cardo e la croce :$bla Scozia : una storia di fede e di libertà /$cPaolo Gulisano. 260 $aRimini :$bIl Cerchio,$c1998. 300 $a109 p. ;$c24 cm. 490 0 $aGli archi [Il Cerchio] 650 4$aScozia - Storia.$0(OLS)http://semarc/subject/44714 830 4$aGli archi.$0(OLS)http://semarc/title/419624 850 $aSeMil 852 $aSeMil$W1$xVenegono$y1$m3W II 23$j44846$B44846$CSeMilBibl$Z2$F46682 $81 961 $aLascito: Coronelli don Renato 996 $6020$a88-86583-49-4$9(OLS)http://semarc/number/270316 996 $6245$aIl cardo e la croce :$bla Scozia : una storia di fede e di libertà$9(OLS)http://semarc/title/403121 996 $6260$aRimini :$bIl Cerchio$9(OLS)http://semarc/publisher/34297